My Pals are Here! :Math 5A Workbook (Record no. 117875)
[ view plain ]
| 000 -LEADER | |
|---|---|
| fixed length control field | 00656nam a22002057a 4500 |
| 003 - CONTROL NUMBER IDENTIFIER | |
| control field | PILC |
| 005 - DATE AND TIME OF LATEST TRANSACTION | |
| control field | 20150528152336.0 |
| 008 - FIXED-LENGTH DATA ELEMENTS--GENERAL INFORMATION | |
| fixed length control field | 150528b xxu||||| |||| 00| 0 eng d |
| 020 ## - INTERNATIONAL STANDARD BOOK NUMBER | |
| International Standard Book Number | 9789810109769 |
| 050 ## - LIBRARY OF CONGRESS CALL NUMBER | |
| Classification number | QA 135.5 |
| Item number | .K45m5a 2009 |
| 100 ## - MAIN ENTRY--PERSONAL NAME | |
| Personal name | Kheong, Fong Ho., Soon, Gan Kee., Ramakrishnan Chelvi |
| 9 (RLIN) | 21896 |
| 245 ## - TITLE STATEMENT | |
| Title | My Pals are Here! :Math 5A Workbook |
| 250 ## - EDITION STATEMENT | |
| Edition statement | 2nd Ed. |
| 260 ## - PUBLICATION, DISTRIBUTION, ETC. (IMPRINT) | |
| Name of publisher, distributor, etc | Marshall Cavendish Education, |
| Date of publication, distribution, etc | 2009. |
| Place of publication, distribution, etc | Singapore : |
| 300 ## - PHYSICAL DESCRIPTION | |
| Extent | 178 p. : |
| Dimensions | 26 cm. |
| Other physical details | col. ill. ; |
| 440 ## - SERIES STATEMENT/ADDED ENTRY--TITLE | |
| Title | My pals are here! |
| 9 (RLIN) | 21897 |
| 650 ## - SUBJECT ADDED ENTRY--TOPICAL TERM | |
| Topical term or geographic name as entry element | Math |
| 9 (RLIN) | 21898 |
| 942 ## - ADDED ENTRY ELEMENTS (KOHA) | |
| Source of classification or shelving scheme | Library of Congress Classification |
| Koha item type | Books |
| Classification part | QA 135.5 .K45m5a 2009 |
| Withdrawn status | Lost status | Source of classification or shelving scheme | Damaged status | Home library | Current library | Shelving location | Date acquired | Source of acquisition | Total Checkouts | Full call number | Barcode | Date last seen | Copy number | Price effective from | Koha item type | Sub Shelving location |
|---|---|---|---|---|---|---|---|---|---|---|---|---|---|---|---|---|
| Library of Congress Classification | Luxembourg Library | Luxembourg Library | Teachers Reference Section | 06/04/2014 | Donation | QA 135.5 .K45m5a 2009 | 18169 | 06/04/2014 | 1 | 06/04/2014 | Books | |||||
| Library of Congress Classification | Luxembourg Library | Luxembourg Library | Teachers Reference Section | 05/28/2015 | Library Fund | QA 135.5 .K45m5a 2009 | 18856 | 06/24/2015 | 05/28/2015 | Books | ||||||
| Library of Congress Classification | Luxembourg Library | Luxembourg Library | Teachers Reference Section | 05/28/2015 | Library Fund | QA 135.5 .K45m5a 2009 | 18858 | 06/16/2015 | 05/28/2015 | Books |